| 000 | 00489 a2200157 4500 | ||
|---|---|---|---|
| 005 | 20250310140326.0 | ||
| 020 | _a996684681-6 | ||
| 082 | _a301 KIB | ||
| 100 | _aKIBERA, L.W. | ||
| 245 | _aFundamental of Sociology of Education With Reference to Africa | ||
| 260 |
_aNairobi, _bUniversity of Nairobi Press, _c2007. |
||
| 300 |
_axii,203p.: ill.; table. _bGlossary, index. _c21cm. |
||
| 700 | _aKIMOKOTI, A. | ||
| 856 |
_yAccess online book _fSociology _dwww.starbright.co.ke |
||
| 942 |
_2ddc _cBKS |
||
| 999 |
_c282 _d282 |
||